01950nam a2200361 a 4500001001000000005001700010008004100027041000800068044000800076084002000084100005000104245016700154260003000321300004300351500015500394500014100549500023300690500005900923500006600982500001001048546002401058650005701082650006101139650003901200650005001239700004501289700005601334740005001390902000801440942001101448999001501459952011401474BRCA_319720190320204146.0180209s1731----enka---###---#000-0#eng-u aeng aenk a498b.W36c17311 aCervantes Saavedra, Miguel ded1547-1616921310aThe History of the Valorous and Witty Knight-Errant Don Quixote of the ManchacWritten in Spanish by Michel Cervantes ; Translated into English by Thomas Shelton. aLondresbJ. Walthoec1731 a4 v.bil.c17 cm.eláminas plegables aContenido : v 1. Primera parte. Prólogo de Cervantes. Algunos versos preliminares. Texto. -- v 2. Texto. -- v 3. Segunda parte. Texto. -- v 4. Texto aEdición : Now Printed Verbatim from the Fourth Edition of 1620 With a Curious Sett of New Cuts, from the French of Coypel in 4 Volumes aSigue esta edición a la primera de Shelton, de la cual se diferencia por la distribución de tomos y tamaño. Va adornada con varias láminas de Coypel nuevamente grabadas. Piel; lomos decorados con dorados Lúdovik Osterc aEstado físico : Cubierta desprendida en el volumen 4 aIncluye índice : De los nombres y cosas notables de la obra aQM407 aTexto en : inglés14aNovela españolayÉpoca clásica, 1500-1700921514aLiteratura españolayÉpoca clásica, 1500-1700921614aNovela españolaySiglo XVII921714aDon Quijote (Personaje ficticio)eNovela92181 aShelton, Thomasd?-1626eTraductor985671 aCoypel, Charles-Antoned1694-1752eIlustrador985680 aEl Ingenioso Hidalgo Don Quijote de la Mancha aQFM 2lcccB c2933d2933 00104070aBRCAbBRCAd2009-02-18iQM407l0o498 .W36 1731 (QM407)p3194r2019-03-22 00:00:00w2019-03-22yB